000 00883cam a22002291 4500
001 sa 65010208
003 DLC
005 20260227112207.0
008 920727s1964 io 000 0 ind
010 _asa 65010208
035 _a(OCoLC)26268990
040 _aDLC
_cCU
_dDLC
042 _apremarc
050 0 0 _aDS640.M34
_bT5
100 1 _aTjondronegoro, Sudjarwo,
_d1914-
245 1 5 _aThe "Malaysia" issue before the United Nations Security Council.
_cComplete text of addresses delivered by Sudjarwo Tjondronegoro, Indonesian chief delegate to the United Nations Security Council during the debate on "Malaysia" from 9 September-17 September 1964.
260 _a[Djakarta,
_ccover 1964]
300 _a86 p.
_c24 cm.
651 0 _aIndonesia
_xForeign relations
_zMalaysia.
651 0 _aMalaysia
_xForeign relations
_zIndonesia.
710 2 _aUnited Nations.
_bSecurity Council.
999 _c66624
_d66624